South Africa's International Cricket Grounds - Statistics

General Stats
  • This quiz has been taken 123 times
  • The average score is 9 of 19
Answer Stats
Answer % Correct
Cape Town
90%
Johannesburg
86%
Durban
85%
Centurion
70%
New Wanderers
70%
Newlands
69%
Port Elizabeth
67%
Bloemfontein
56%
Kingsmead
52%
Centurion Park
46%
East London
44%
St George's Park
29%
Buffalo Park
26%
Potchefstroom
26%
Ellis Park
13%
Mangaung Oval
13%
Old Wanderers
12%
Lord's No 1 Ground
4%
Sedgars Park
2%
No matching quizzes found
Score Distribution
Percent of People with Each Score
Percentile by Number Answered
Your Score History
You have not taken this quiz